[Event "AUTO-INT-3038"]
[Site "http://www.queenalice.com/game.php?id=1377488"]
[Date "2015.8.14"]
[Round "1"]
[White "glaubergouveia"]
[Black "andydede"]
[Result "0-1"]
[WhiteElo "1510"]
[BlackElo "1679"]

1. e4 c6 2. b4 d5 3. e5 Bf5 4. Bb2 e6 5. Qe2 Bxc2 6. Na3 Ba4 7. f4 Na6 8. b5
cxb5 9. Nxb5 Qd7 10. Nd6+ Bxd6 11. exd6 Nb4 12. Rc1 Qxd6 13. g3 Ne7 14. Qg4 Nc2+
15. Kf2 Qb6+ 16. Kg2 Qxb2 17. Rd1 Ne3+ 0-1

[Event "AUTO-INT-3038"]
[Site "http://www.queenalice.com/game.php?id=1377498"]
[Date "2015.8.14"]
[Round "1"]
[White "amadeo"]
[Black "andydede"]
[Result "0-1"]
[WhiteElo "1456"]
[BlackElo "1688"]

1. e4 c6 2. Nf3 d5 3. Nc3 e6 4. d3 dxe4 5. dxe4 Qxd1+ 6. Nxd1 Bb4+ 7. c3 Ba5 8.
Bf4 Nf6 9. Be5 Nbd7 10. Bc4 Nc5 11. Bxf6 gxf6 12. O-O Nxe4 13. Bd3 Nc5 14. Bc4
b5 15. Be2 e5 16. b4 Rg8 17. Ne3 Bb6 18. Nf5 Ne4 19. Rfc1 Bxf5 20. a4 Nxf2 21.
Rd1 Nxd1+ 22. Kf1 Nxc3 23. Rc1 Nxe2 24. Kxe2 Rxg2+ 25. Kf1 Rf2+ 0-1

[Event "AUTO-INT-3038"]
[Site "http://www.queenalice.com/game.php?id=1377499"]
[Date "2015.8.14"]
[Round "1"]
[White "andydede"]
[Black "amadeo"]
[Result "1-0"]
[WhiteElo "1714"]
[BlackElo "1433"]

1. e4 e5 2. Bc4 Qg5 3. g3 Nf6 4. d3 Qh5 5. Qxh5 Nxh5 6. Nf3 Bb4+ 7. Bd2 Bd6 8.
Ng5 O-O 9. Nc3 h6 10. Nf3 Bb4 11. Nd5 Bd6 12. Nh4 c6 13. Ne3 b5 14. Bb3 Be7 15.
Nef5 d6 16. Nxe7+ Kh7 17. Nxc8 Rxc8 18. Bxf7 Nf6 19. Be6 Re8 20. Bf7 Rf8 21. Be6
Re8 22. Bf5+ Kg8 23. Bb4 c5 24. Ba5 Nc6 25. Bc7 Nd4 26. Rc1 d5 27. Ng6 Nxf5 28.
exf5 e4 29. O-O exd3 30. cxd3 Rac8 31. Rxc5 Re2 32. Rb1 Rd2 33. Ne7+ Kh7 34.
Nxc8 Rxd3 35. Rxb5 Rf3 36. Ne7 a6 37. Rb7 Ne8 38. Kg2 Ra3 39. bxa3 1-0

[Event "Lojinha Novo Dia"]
[Site "http://www.queenalice.com/game.php?id=1379425"]
[Date "2015.8.25"]
[Round "-"]
[White "ALTODOMATEUS1"]
[Black "andydede"]
[Result "0-1"]
[WhiteElo "1724"]
[BlackElo "1738"]

1. d4 c6 2. e4 d5 3. Nc3 dxe4 4. Nxe4 Bf5 5. Ng3 Bg6 6. Nf3 Nd7 7. Bd3 Nh6 8.
O-O e6 9. Bxg6 hxg6 10. c3 Bd6 11. Ne4 Qe7 12. Nfg5 O-O-O 13. Nxd6+ Qxd6 14. Qe2
Nf6 15. Nf3 Nhg4 16. h3 Rh5 17. hxg4 Nxg4 18. g3 Rdh8 19. Kg2 Qd5 20. Be3 Rh2+
0-1

[Event "AUTO-INT-3045"]
[Site "http://www.queenalice.com/game.php?id=1380117"]
[Date "2015.8.28"]
[Round "1"]
[White "bdpq"]
[Black "andydede"]
[Result "0-1"]
[WhiteElo "1695"]
[BlackElo "1795"]

1. b4 c6 2. e4 d5 3. e5 Bf5 4. Nf3 e6 5. Nc3 Bxb4 6. Bb2 Nh6 7. Be2 Bc5 8. Na4
Qe7 9. Rb1 b5 10. Nxc5 Qxc5 11. Nd4 Nd7 12. Nxf5 exf5 13. O-O Nxe5 14. d4 Qe7
15. dxe5 O-O 16. Qc1 Rad8 17. Qe3 Ng4 18. Qg3 d4 19. Ba3 c5 20. Rxb5 Rd5 21.
Rfb1 Nxe5 22. Qb3 Rfd8 23. Rb8 Nc6 24. Rb7 Qxe2 25. Rc7 c4 26. Qb7 Re8 27. h3
Qe5 28. Rxc6 Rdd8 29. Qc7 Qxc7 30. Rxc7 d3 31. cxd3 cxd3 32. Rd1 d2 33. Bb4 h6
34. Ba5 Rc8 35. Rxd2 Re1+ 36. Kh2 Rxc7 37. Bxc7 f6 38. Bg3 Re7 39. a4 Re4 40. a5
f4 41. f3 fxg3+ 42. Kxg3 Re5 43. Rd8+ Kh7 44. Rd7 Rxa5 45. Kh4 Rg5 46. g4 a5 47.
f4 Rc5 48. f5 a4 49. Kh5 Ra5 50. Kh4 a3 51. Kh5 a2 52. h4 a1=Q 53. g5 hxg5 54.
Rd2 Ra4 55. Rh2 Qd1+ 56. Re2 Qxe2# 0-1

[Event "AUTO-INT-3045"]
[Site "http://www.queenalice.com/game.php?id=1380118"]
[Date "2015.8.28"]
[Round "1"]
[White "andydede"]
[Black "bdpq"]
[Result "1-0"]
[WhiteElo "1782"]
[BlackElo "1696"]

1. e4 d5 2. Nc3 d4 3. Nce2 e5 4. d3 Bd6 5. Nf3 Nf6 6. h3 O-O 7. c3 dxc3 8. Nxc3
Bb4 9. Bd2 Nc6 10. Qb3 Be6 11. Qa4 a5 12. Qb5 Ra7 13. Nxe5 Nd4 14. Qa4 Qe8 15.
Qxe8 Rxe8 16. O-O-O Bxc3 17. Bxc3 c5 18. Bxd4 cxd4 19. Kb1 b5 20. Nc6 Ra6 21.
Nxd4 Bd7 22. g4 Rd6 23. Nf5 Bxf5 24. gxf5 b4 25. b3 Rc6 26. Bg2 h6 27. e5 Rb6
28. exf6 Rxf6 29. Be4 Rc8 30. Rc1 Rb8 31. Rc5 Ra6 32. Rhc1 f6 33. Rc8+ Rxc8 34.
Rxc8+ Kf7 35. Bd5+ Ke7 36. Rg8 g5 37. fxg6 f5 38. g7 Rg6 39. h4 Rg1+ 40. Kc2 Rf1
41. Rh8 Rxf2+ 42. Kb1 Kd6 43. g8=Q Kc5 44. Rxh6 f4 45. Bc4 f3 46. Qd5# 1-0

[Event "AUTO-INT-3045"]
[Site "http://www.queenalice.com/game.php?id=1380133"]
[Date "2015.8.28"]
[Round "1"]
[White "andydede"]
[Black "pssservicos"]
[Result "1-0"]
[WhiteElo "1767"]
[BlackElo "1555"]

1. e4 e5 2. Bc4 Nf6 3. Nc3 Bb4 4. a3 Bxc3 5. dxc3 Nxe4 6. Qf3 Nf6 7. Bg5 d6 8.
h3 O-O 9. Bxf6 Qxf6 10. Bd5 Qxf3 11. Nxf3 c6 12. Be4 Nd7 13. Bf5 Nf6 14. g4 Bxf5
15. gxf5 e4 16. Nh4 d5 17. O-O-O b5 18. Rde1 a5 19. f3 exf3 20. Nxf3 1-0

[Event "AUTO-INT-3045"]
[Site "http://www.queenalice.com/game.php?id=1380134"]
[Date "2015.8.28"]
[Round "1"]
[White "pssservicos"]
[Black "andydede"]
[Result "0-1"]
[WhiteElo "1547"]
[BlackElo "1775"]

1. e4 c6 2. Nf3 d5 3. exd5 cxd5 4. d4 Bf5 5. Bb5+ Nd7 6. Bxd7+ Qxd7 7. Ne5 Qe6
8. O-O f6 9. Nf3 Bg4 10. Nbd2 f5 11. Re1 Qg6 12. h3 Bxh3 13. g3 f4 14. Nh4 Qg5
15. Ndf3 Qh5 16. Bxf4 Bg4 17. Re5 Qf7 18. Qd3 a6 0-1

[Event "AUTO-INT-3045"]
[Site "http://www.queenalice.com/game.php?id=1380135"]
[Date "2015.8.28"]
[Round "1"]
[White "andydede"]
[Black "zmanomega"]
[Result "1-0"]
[WhiteElo "1724"]
[BlackElo "1683"]

1. e4 Nf6 2. Nc3 c6 3. Bc4 e6 4. d3 Bb4 5. a3 Bc5 6. Nh3 h6 7. e5 Nd5 8. Bxd5
cxd5 9. Na4 Bd4 10. Qe2 Qc7 11. Bf4 Nc6 12. c3 Bb6 13. O-O Ba5 14. b4 Bb6 15.
Nxb6 Qxb6 16. Qg4 g6 17. Qh4 h5 18. Qf6 Rg8 19. Ng5 Rf8 20. Nh7 Qd8 21. Qg7 Qe7
22. Nf6+ Kd8 23. Bg5 Kc7 24. Nxd5+ exd5 25. Bxe7 Re8 26. Bd6+ Kb6 27. Qxf7 1-0

[Event "AUTO-INT-3045"]
[Site "http://www.queenalice.com/game.php?id=1380136"]
[Date "2015.8.28"]
[Round "1"]
[White "zmanomega"]
[Black "andydede"]
[Result "0-1"]
[WhiteElo "1692"]
[BlackElo "1753"]

1. e4 c6 2. Bc4 d5 3. exd5 cxd5 4. Bd3 Nf6 5. f3 e5 6. Nc3 a6 7. Nge2 Nc6 8. Ng3
Nd4 9. O-O Bc5 10. Kh1 g6 11. Na4 Ne6 12. c4 b5 13. cxb5 axb5 14. Bxb5+ Bd7 15.
Nxc5 Nxc5 16. Be2 e4 17. b4 Nd3 18. Bxd3 exd3 19. Qb3 Bb5 20. Re1+ Kf8 21. Qc3
Rc8 22. Qd4 Rc4 23. Qxd3 Re4 24. fxe4 Bxd3 25. e5 Ng4 26. Bb2 Ke8 27. e6 Rg8 28.
a4 Bc4 29. e7 Qb6 30. h3 Nf2+ 31. Kh2 Nd3 32. Re2 Nxb2 33. d3 Nxd3 34. Rb1 Nf4
35. Ree1 Qf2 36. Rg1 Kxe7 37. Rbe1+ Kf8 38. b5 Qd2 39. Rd1 Qc2 40. b6 Kg7 41.
Nf1 Qxd1 0-1

[Event "again??"]
[Site "http://www.queenalice.com/game.php?id=1381754"]
[Date "2015.9.6"]
[Round "-"]
[White "andydede"]
[Black "zmanomega"]
[Result "1-0"]
[WhiteElo "1807"]
[BlackElo "1674"]

1. e4 c5 2. Bc4 Nf6 3. Qf3 Nc6 4. Nh3 Nd4 5. Qd3 b5 6. Bxb5 Nxb5 7. Qxb5 Nxe4 8.
Qc4 d5 9. Qa4+ Bd7 10. Qb3 e6 11. Qe3 Bd6 12. d3 Qa5+ 13. Bd2 Nxd2 14. Nxd2 Rb8
15. b3 Qc3 16. O-O Qxc2 17. Rfc1 Qb2 18. Qg5 O-O 19. Rd1 e5 20. Qg3 a5 21. Qf3
Qd4 22. Qg3 a4 23. Nf3 Qb4 24. Re1 axb3 25. axb3 Qxb3 26. Nhg5 h6 27. Ra6 Rb6
28. Nd2 Qb2 29. Rxb6 Qxb6 30. Nh3 e4 31. Qe3 f5 32. Rb1 Bb5 33. dxe4 fxe4 34.
Qb3 Qa5 35. Qxd5+ Rf7 36. Qxd6 Rd7 37. Qe6+ Rf7 38. Nxe4 Qd8 39. Nd6 Qf6 40.
Qxf7+ Qxf7 41. Nxf7 1-0

[Event "OS INCLIVEIS"]
[Site "http://www.queenalice.com/game.php?id=1383576"]
[Date "2015.9.16"]
[Round "-"]
[White "adelio"]
[Black "andydede"]
[Result "0-1"]
[WhiteElo "1788"]
[BlackElo "1820"]

1. d4 f6 2. c4 e5 3. d5 c6 4. e4 d6 5. Be2 g6 6. h4 Ne7 7. g4 Na6 8. Nh3 Nc5 9.
Nc3 Qa5 10. Kf1 Bd7 11. h5 f5 12. Bd2 Qb6 13. Ng5 h6 14. Ne6 Nxe6 15. dxe6 Bxe6
16. hxg6 Nxg6 17. g5 fxe4 18. Nxe4 Qd4 19. Nf6+ Kd8 20. Qc2 Nf4 21. Be3 Nxe2 22.
Bxd4 Nxd4 23. Qc3 Ke7 24. Re1 Bg7 25. gxh6 Kxf6 26. f4 Bxh6 27. fxe5+ dxe5 28.
Rh2 Bf4 29. Rg2 Bh3 30. Re4 Bxg2+ 31. Kxg2 Rag8+ 32. Kf2 Rh2+ 33. Kf1 Bg3 34.
Rxd4 Rf2+ 35. Kg1 exd4 36. Qxd4+ Be5+ 37. Kxf2 Bxd4+ 38. Ke2 Bxb2 39. Kd3 Rg3+
40. Ke4 Be5 41. a4 Rc3 42. a5 Rxc4+ 43. Kd3 Ra4 44. a6 Rxa6 45. Ke4 Ra4+ 46. Kd3
b5 47. Kc2 Rc4+ 48. Kb3 a5 49. Ka3 Rb4 50. Ka2 c5 51. Ka3 Kg5 52. Ka2 c4 53. Ka3
Ra4# 0-1

[Event "Challenge"]
[Site "http://www.queenalice.com/game.php?id=1384793"]
[Date "2015.9.22"]
[Round "-"]
[White "andydede"]
[Black "JORAM2205"]
[Result "1-0"]
[WhiteElo "1835"]
[BlackElo "1782"]

1. e4 e5 2. Nf3 d6 3. Bb5+ Bd7 4. Bc4 Nc6 5. d3 h6 6. Bd2 Qe7 7. a3 Nf6 8. Nc3
a6 9. Bd5 g5 10. h3 Nh5 11. Be3 Bg7 12. d4 O-O 13. b4 b6 14. a4 a5 15. b5 Rab8
16. bxc6 Bc8 17. Bc4 g4 18. hxg4 Bxg4 19. Nd5 Qd8 20. Qd2 f6 21. Bxh6 Be6 22.
Rxh5 Kf7 23. Bxg7 Rg8 24. Bxf6 Qf8 25. Ng5+ Ke8 26. Nxe6 Qxf6 27. Nxf6+ 1-0

[Event "AUTO-INT-3045"]
[Site "http://www.queenalice.com/game.php?id=1390036"]
[Date "2015.10.20"]
[Round "2"]
[White "Football_rules"]
[Black "andydede"]
[Result "0-1"]
[WhiteElo "1731"]
[BlackElo "1934"]

1. e4 c6 2. Bc4 d5 3. Bb3 Nf6 4. e5 Ng4 5. d4 h5 6. h3 Nh6 7. Nf3 Bf5 8. Nc3 e6
9. Ng5 Be7 10. Qxh5 Bg6 11. Qh4 Na6 12. Bf4 Qb6 13. Be3 O-O-O 14. Qf4 f6 15.
Nxe6 Rdg8 16. a3 Qa5 17. Bd2 Bf5 18. Ne4 Qb6 19. Nc3 Bxe6 20. O-O-O g5 21. Qe3
Nf5 22. Qd3 Nxd4 23. Na4 Nxb3+ 24. cxb3 Qxf2 25. g4 Nc5 26. Nxc5 Qxc5+ 27. Kb1
fxe5 28. Bb4 Qf2 29. Bxe7 e4 30. Qf1 Qg3 31. Qf6 Bd7 32. Bd6 Qxb3 33. Qf7 Re8
34. Rc1 Qd3+ 35. Ka1 Rxh3 36. Rxh3 Qxh3 37. Rf1 e3 38. Rf3 Qxg4 39. Bb4 e2 40.
Be1 Qg1 41. Ka2 Qxe1 42. Qg7 Qh4 43. Rf7 e1=Q 44. Rxd7 Qc4+ 45. b3 Qc2+ 46. Qb2
Qeb1# 0-1

[Event "AUTO-INT-3045"]
[Site "http://www.queenalice.com/game.php?id=1390037"]
[Date "2015.10.20"]
[Round "2"]
[White "andydede"]
[Black "Football_rules"]
[Result "1/2-1/2"]
[WhiteElo "1942"]
[BlackElo "1685"]

1. e4 e5 2. Nf3 d6 3. Bc4 h6 4. d3 Bg4 5. h3 Bxf3 6. Qxf3 Nf6 7. Nc3 a6 8. Nd5
Nbd7 9. Bd2 b5 10. Bb3 a5 11. a4 c6 12. Nxf6+ Nxf6 13. axb5 cxb5 14. O-O Be7 15.
Bxa5 Rxa5 16. Rxa5 Qxa5 17. Qg3 O-O 18. c4 b4 19. Kh1 Qc5 20. Ra1 Nh5 21. Qf3
Nf4 22. Rd1 Qd4 23. Rd2 Bg5 24. h4 Bxh4 25. g3 Bxg3 26. fxg3 Nh3 27. Qf1 Ng5 28.
Qf2 Ne6 29. Bd1 g6 30. Kg2 f5 31. Qxd4 Nxd4 32. exf5 Rxf5 33. Rf2 Ne6 34. Rxf5
gxf5 35. Kf2 Kg7 36. Ke3 Kf6 37. Bf3 Nc5 38. d4 exd4+ 39. Kxd4 Na4 40. Bd1 Nxb2
41. Bc2 Kg5 42. c5 dxc5+ 43. Kxc5 b3 44. Bxb3 Nd3+ 45. Kd4 Nf2 46. Bd5 Kg4 47.
Ke5 Nd1 48. Be6 Ne3 49. Kf6 h5 50. Kg6 Kxg3 51. Bxf5 Nxf5 52. Kxh5 Kf4 53. Kg6
1/2-1/2

[Event "AUTO-INT-3045"]
[Site "http://www.queenalice.com/game.php?id=1390040"]
[Date "2015.10.20"]
[Round "2"]
[White "andydede"]
[Black "frt"]
[Result "1-0"]
[WhiteElo "1870"]
[BlackElo "1694"]

1. e4 c5 2. Nc3 e6 3. Nf3 Nc6 4. e5 Qc7 5. Nb5 Qa5 6. Bc4 b6 7. Nc7+ Kd8 8. Nxa8
Bb7 9. Ng5 Nxe5 10. O-O Bxa8 11. d4 cxd4 12. Qxd4 Be7 13. f4 Nxc4 14. Nxf7+ Ke8
15. Qxc4 Kxf7 16. f5 Bd5 17. fxe6+ Kxe6 18. Qg4+ Kd6 19. Qxg7 Bf6 20. Qf8+ Be7
21. Bf4+ Ke6 22. Rae1+ Be4 23. Rxe4+ 1-0

[Event "AUTO-INT-3045"]
[Site "http://www.queenalice.com/game.php?id=1390041"]
[Date "2015.10.20"]
[Round "2"]
[White "frt"]
[Black "andydede"]
[Result "0-1"]
[WhiteElo "1703"]
[BlackElo "1892"]

1. e4 c6 2. Bc4 d5 3. exd5 cxd5 4. Bb5+ Bd7 5. c4 Nf6 6. Nc3 dxc4 7. Qa4 a6 8.
Bxd7+ Nfxd7 9. Qxc4 e6 10. d4 Nb6 11. Qd3 Nc6 12. Nf3 Nb4 13. Qe2 Qf6 14. Bg5
Qg6 15. Ne4 Rc8 16. O-O h6 17. Bf4 N6d5 18. Be5 Be7 19. Bd6 Nf4 20. Bxf4 Rc2 21.
Qe3 Rxb2 22. Qc3 Rc2 23. Qe3 Rb2 24. Ne5 Qh7 25. Rac1 O-O 26. Nd7 Rd8 27. Rc7
Nd5 28. Qc1 Nxc7 29. Qxc7 Qxe4 30. Bd6 Rb1 31. Qc4 Rxf1+ 32. Kxf1 Bxd6 33. Nc5
Bxc5 34. Qxc5 Qd3+ 35. Ke1 Rxd4 36. Qc1 Re4+ 0-1

[Event "AUTO-INT-3038"]
[Site "http://www.queenalice.com/game.php?id=1391305"]
[Date "2015.10.28"]
[Round "2"]
[White "andydede"]
[Black "jajerduco"]
[Result "1-0"]
[WhiteElo "1886"]
[BlackElo "1645"]

1. e4 h6 2. d4 d6 3. d5 Nf6 4. Nc3 b6 5. h3 Bb7 6. Bc4 Nbd7 7. Bf4 g5 8. Bh2 Bg7
9. Nf3 Nc5 10. e5 Nfe4 11. Nxe4 Nxe4 12. O-O e6 13. dxe6 fxe6 14. Bxe6 Qe7 15.
Bd5 Bxd5 16. Qxd5 Rd8 17. Qxe4 d5 18. Qa4+ Rd7 19. Qxa7 O-O 20. c3 b5 21. Rae1
c6 22. Qe3 Qe6 23. Nd4 Qe7 24. e6 Rb7 25. g4 Bxd4 26. Qxd4 c5 27. Qxd5 Rd8 28.
Qe4 Qg7 29. Be5 Qe7 30. Qg6+ Kf8 31. Bf6 Qh7 32. e7+ Rxe7 33. Bxe7+ Qxe7 34.
Rxe7 Kxe7 35. Re1+ Kd7 36. Rd1+ Kc7 37. Qf7+ Kc8 38. Qe6+ Kc7 39. Qe7+ Kc8 40.
Rxd8# 1-0

[Event "AUTO-INT-3038"]
[Site "http://www.queenalice.com/game.php?id=1391306"]
[Date "2015.10.28"]
[Round "2"]
[White "jajerduco"]
[Black "andydede"]
[Result "0-1"]
[WhiteElo "1652"]
[BlackElo "1879"]

1. c3 c6 2. e4 d5 3. e5 Bf5 4. d4 e6 5. Nf3 h6 6. g3 Be4 7. Nbd2 Bxf3 8. Nxf3
Be7 9. Bg2 Bg5 10. O-O Bxc1 11. Qxc1 Ne7 12. b4 O-O 13. a4 a5 14. Qb2 axb4 15.
Qxb4 Na6 16. Qxb7 c5 17. Nd2 cxd4 18. cxd4 Nf5 19. Nb3 h5 20. h4 Nc7 21. Qc6 Rb8
22. Na5 Nxd4 23. Qc5 Nb3 24. Nxb3 Rxb3 25. Qc2 Qb8 26. Rab1 Rxb1 27. Rxb1 Qa7
28. Qd1 f6 29. Qd4 Qxd4 30. exf6 Rxf6 31. Rb8+ Kh7 32. Rb7 Rf7 33. Kh2 Qxa4 34.
Rb1 Rxf2 35. Rg1 d4 36. Kh3 d3 37. g4 Qxg4+ 38. Kh2 Qxh4# 0-1

[Event "AUTO-INT-3038"]
[Site "http://www.queenalice.com/game.php?id=1391307"]
[Date "2015.10.28"]
[Round "2"]
[White "andydede"]
[Black "altair"]
[Result "1-0"]
[WhiteElo "1849"]
[BlackElo "1759"]

1. e4 e5 2. Nf3 d6 3. Bc4 h6 4. d3 a5 5. Nc3 Nf6 6. h3 Be7 7. a4 O-O 8. Be3 Bd7
9. Nd5 c6 10. Nb6 d5 11. exd5 cxd5 12. Nxa8 dxc4 13. dxc4 Nc6 14. Nb6 Nh5 15.
Nxd7 Re8 16. Bb6 Qc8 17. Nfxe5 Nxe5 18. Nxe5 Bf6 19. O-O Rxe5 20. Re1 Qc6 21.
Rxe5 Bxe5 22. Qxh5 Bb8 23. c5 Qf6 24. c3 Qf4 25. g3 Qd2 26. Rd1 g6 27. Qg4 Qxb2
28. Qc8+ Kg7 29. Qxb8 Qc2 30. Qe5+ Kh7 31. Rd7 1-0

[Event "AUTO-INT-3038"]
[Site "http://www.queenalice.com/game.php?id=1391308"]
[Date "2015.10.28"]
[Round "2"]
[White "altair"]
[Black "andydede"]
[Result "0-1"]
[WhiteElo "1696"]
[BlackElo "1861"]

1. e4 c6 2. d3 d5 3. e5 Bf5 4. d4 e6 5. h4 h6 6. b3 Qa5+ 7. Bd2 Bb4 8. c3 Be7 9.
b4 Qd8 10. Nf3 Bg4 11. g3 b6 12. Bg2 h5 13. O-O Nd7 14. a4 c5 15. Be3 cxb4 16.
cxb4 Nh6 17. b5 Bxf3 18. Bxf3 g6 19. Qd2 Nf5 20. Nc3 Nxe3 21. Qxe3 Bb4 22. Ne2
Be7 23. a5 bxa5 24. Qd2 Bb4 25. Qc2 Rc8 26. Qb2 O-O 27. Nc1 Bc3 28. Qa3 Bxa1 29.
Qxa1 Nb6 30. Qxa5 Nc4 31. Qxa7 Nd2 32. Rd1 Nxf3+ 33. Kg2 Nxh4+ 34. gxh4 Qxh4 35.
Qa2 Qg4+ 36. Kh2 Qxd1 37. Nb3 Rc3 38. Nc5 Qf1 39. f3 Rxf3 0-1

[Event "Challenge"]
[Site "http://www.queenalice.com/game.php?id=1406413"]
[Date "2016.1.27"]
[Round "-"]
[White "andydede"]
[Black "jorm"]
[Result "1-0"]
[WhiteElo "1932"]
[BlackElo "1909"]

1. e4 e5 2. Nf3 Nc6 3. a3 a6 4. Bc4 Nf6 5. d3 h6 6. Nc3 Nd4 7. Nxe5 Qe7 8. Bf4
b5 9. Ba2 Ne6 10. Nd5 Nxd5 11. Bxd5 Ra7 12. Bxe6 Qxe6 13. d4 d5 14. exd5 Qxd5
15. O-O Be7 16. b3 O-O 17. c4 bxc4 18. bxc4 Qe4 19. Qd2 f6 20. Rfe1 Qa8 21. Ng6
Bd8 22. Nxf8 Kxf8 23. Qb4+ Kf7 24. Qa4 c6 25. Rab1 Bc7 26. Bxc7 Rxc7 27. Qa5 Rd7
28. Qh5+ Kg8 29. Qg6 Rf7 30. Re8+ Rf8 31. Re7 1-0